000 00455nam a2200193Ia 4500
005 20240823035455.0
008 240823s9999||||xx |||||||||||||| ||und||
020 _a978-93-80069-27-2
041 _aENGLISH
082 _A894.812371 Q1
100 _aKamala Das
245 4 _aThe Kept Woman and Other Stories
250 _a1st
260 _c2011
_bOm Books Internat
500 _aYES
650 _aStories
_bGeneral
942 _cBK
999 _c200774
_d200774